000 00693nam a22002177a 4500
003 DO-CoUTE
005 20260501152132.0
008 260501b dr ||||| |||| 00| 0 spa d
020 _a978-9945-639-40-7
040 _aDO-CoUTE
_bspa
_cDO-CoUTE
082 _aRD861.44F438C
100 1 _aFiallo, Fabio
_eAutor
245 1 0 _aCanciones de la tarde /
_cFabio Fiallo
260 _aSanto Domingo ;
_bBúho,
_c2024
300 _a132 Paginas :
_c22cm,
504 _a Incluye referencia bibliográfica e índice.
505 _aLas flechas de eros | El cinto de venus | La rueca de onfalia | La flauta de pan |
650 4 _aPoesia
700 1 _aFabio Fiallo
_eAutor
942 _2ddc
_cBK
999 _c24157
_d24157